World Cities by Letter L - Picture Quiz - Statistics

General Stats
  • This quiz has been taken 165 times
  • The average score is 7 of 18
Answer Stats
Picture Answer % Correct
Las Vegas
98%
London
96%
Luxor
73%
Los Angeles
62%
Lisbon
57%
Lhasa
55%
Lagos
42%
Lahore
41%
Lyon
38%
Luxembourg
35%
Lima
29%
Ljubljana
22%
Luanda
20%
La Paz
17%
Lusaka
13%
Lausanne
10%
Le Havre
5%
Lublin
2%
No matching quizzes found
Score Distribution
Percent of People with Each Score
Percentile by Number Answered
Your Score History
You have not taken this quiz